La Granada de ayer (Record no. 20635)
[ view plain ]
| 000 -LEADER | |
|---|---|
| campo de control de longitud fija | 00585nam a2200169 i 4500 |
| 001 - NÚMERO DE CONTROL | |
| campo de control | 20635 |
| 003 - IDENTIFICADOR DE NÚMERO DE CONTROL | |
| campo de control | ES-MaACL |
| 005 - FECHA Y HORA DE LA ÚLTIMA TRANSACCIÓN | |
| campo de control | 20230906152334.0 |
| 007 - CAMPO FIJO DE DESCRIPCIÓN FÍSICA--INFORMACIÓN GENERAL | |
| campo de control de longitud fija | t| |
| 008 - DATOS DE LONGITUD FIJA--INFORMACIÓN GENERAL | |
| campo de control de longitud fija | 021115s1973 sp f |||| | spa d |
| 100 1# - ENTRADA PRINCIPAL--NOMBRE DE PERSONA | |
| Nombre de persona | Acosta Medina, José. |
| 9 (RLIN) | 18313 |
| 245 13 - MENCIÓN DEL TÍTULO | |
| Título | La Granada de ayer |
| Resto del título | : medio siglo de historia, con alguna que otra fantasía y muchas anécdotas / |
| Mención de responsabilidad, etc. | José Acosta Medina. |
| 260 ## - PUBLICACIÓN, DISTRIBUCIÓN, ETC. | |
| Lugar de publicación, distribución, etc. | Granada : |
| Nombre del editor, distribuidor, etc. | [s.n., |
| Fecha de publicación, distribución, etc. | 1973] ( |
| Fabricante | Imp. Márquez) |
| 300 ## - DESCRIPCIÓN FÍSICA | |
| Extensión | 380 p., 4 lám. ; |
| Dimensiones | 21 cm. |
| 651 #4 - PUNTO DE ACCESO ADICIONAL DE MATERIA--NOMBRE GEOGRÁFICO | |
| Nombre geográfico | Granada- |
| Subdivisión general | Historia- |
| Subdivisión cronológica | S.XX- |
| Subdivisión de forma | Relatos personales. |
| 9 (RLIN) | 169598 |
| 852 ## - LOCALIZACIÓN | |
| Ubicación | ES-MaACL |
| Número de control de estantería | C-54332 |
| Estatus retirado | Estado de pérdida | Estado de daño | No para préstamo | Biblioteca de origen | Biblioteca actual | Ubicación en estantería | Fecha de adquisición | Fuente de adquisición | Total de préstamos | Signatura topográfica completa | Código de barras | Visto por última vez | Precio de reemplazo | Tipo de ítem Koha |
|---|---|---|---|---|---|---|---|---|---|---|---|---|---|---|
| Biblioteca del Ateneo de Madrid | Biblioteca del Ateneo de Madrid | Depósito 2 | 17/01/2008 | C-54332 | 1021187 | 23/02/2023 | 23/02/2023 | Libro impreso |
